[Event "Shenyang"]
[Site "?"]
[Date "2000.??.??"]
[Round "?"]
[White "Ivanchuk, V."]
[Black "Short, N."]
[Result "1/2-1/2"]
[WhiteElo "2715"]
[BlackElo "2675"]
[PlyCount "67"]
[EventDate "2000.??.??"]
[Source "Chess Informant"]
[SourceDate "2000.06.01"]

1. d4 Nf6 2. c4 e6 3. Nc3 Bb4 4. Qc2 d5 5. cxd5 Qxd5 6. e3 O-O 7. Bd2 Bxc3 8. Bxc3 b6 9. Be2 Nc6 10. Nf3 a5 11. O-O Ba6 12. Bxa6 Rxa6 13. Rfd1 Ra7 14. Nd2 Nb4 15. Qb1 Qb5 16. e4 a4 17. Nf3 Re8 18. h3 c5 19. dxc5 bxc5 20. Bxf6 gxf6 21. Qc1 Nd3 22. Qc3 c4 23. Rd2 Kg7 24. Rad1 Rb7 25. Ne1 Nf4 26. h4 Reb8 27. g3 Ng6 28. f4 Qh5 29. Rc1 e5 30. Ng2 exf4 31. Rf1 Qe5 32. gxf4 Qxe4 33. h5 Ne7 34. Ne3 1/2-1/2

[Event "Shanghai 82/471"]
[Site "?"]
[Date "2001.??.??"]
[Round "?"]
[White "Sokolov, I."]
[Black "Xu, Jun"]
[Result "1/2-1/2"]
[WhiteElo "2659"]
[BlackElo "2646"]
[PlyCount "67"]
[EventDate "2001.??.??"]
[Source "Chess Informant"]
[SourceDate "2001.06.01"]

1. d4 Nf6 2. c4 e6 3. Nc3 Bb4 4. Qc2 d5 5. cxd5 Qxd5 6. Nf3 c5 7. Bd2 Bxc3 8. Bxc3 cxd4 9. Nxd4 Bd7 10. f3 Nc6 11. Nb3 Qg5 12. e4 O-O 13. Rd1 Rfd8 14. Qd2 Qxd2+ 15. Rxd2 Be8 16. Rxd8 Rxd8 17. Be2 b6 18. Kf2 a5 19. a3 a4 20. Nc1 Nd7 21. Rd1 Nc5 22. Rxd8 Nxd8 23. Be5 Ndb7 24. Bc7 b5 25. Ke3 f6 26. Na2 e5 27. Bb6 Ne6 28. Nc3 Nd6 29. Nd5 Kf7 30. g3 g6 31. Bd3 Bc6 32. Nb4 Bb7 33. Ba7 Nc4+ 34. Bxc4 1/2-1/2

[Event "Russie (championnat equipes)"]
[Site "?"]
[Date "2004.04.??"]
[Round "6"]
[White "Kobalia Mikhail"]
[Black "Motylev Alexander"]
[Result "1/2-1/2"]
[WhiteElo "2643"]
[BlackElo "2640"]
[PlyCount "147"]
[EventDate "2004.??.??"]
[Source "www.chesslib.no"]
[SourceDate "2004.05.04"]

1. d4 Nf6 2. c4 e6 3. Nc3 Bb4 4. Qc2 d5 5. cxd5 Qxd5 6. Nf3 Qf5 7. Qxf5 exf5 8. a3 Be7 9. Bf4 c6 10. e3 Be6 11. Bd3 g6 12. Nd2 Nh5 13. Bh6 Nd7 14. h3 Ndf6 15. Be2 Ng8 16. Bxh5 Nxh6 17. Be2 Ng8 18. Bc4 Bxc4 19. Nxc4 Nf6 20. Ke2 Kd7 21. Rhc1 Rhd8 22. b4 Rac8 23. Na4 Rc7 24. Ne5+ Ke8 25. b5 Nd7 26. Nxd7 Kxd7 27. b6 axb6 28. Nxb6+ Ke6 29. a4 Bd6 30. a5 f4 31. a6 bxa6 32. Rxa6 fxe3 33. fxe3 f5 34. Kf3 Ke7 35. Nc4 Rdc8 36. Rb1 Rd8 37. Rbb6 Rdc8 38. Ke2 Bh2 39. Na5 Kd7 40. Nc4 h5 41. Kd3 h4 42. Rb1 Re8 43. Nb6+ Ke7 44. Na8 Rd7 45. Nb6 Rc7 46. Nc4 Kd7 47. Rb2 Bg3 48. Ra5 Ke7 49. Rb1 Rd8 50. Rb6 Kd7 51. Raa6 Re8 52. Ra1 Rd8 53. Rba6 Re8 54. Rb1 Rd8 55. Nb6+ Ke7 56. Na4 Bd6 57. Nc3 Kd7 58. Rbb6 Rdc8 59. Nd5 cxd5 60. Rxd6+ Ke7 61. Re6+ Kf7 62. Rf6+ Ke7 63. Rae6+ Kd7 64. Rd6+ Ke7 65. Rde6+ Kd7 66. Ke2 Rc1 67. Rd6+ Ke7 68. Rfe6+ Kf7 69. Rf6+ Ke7 70. Rde6+ Kd7 71. Rd6+ Ke7 72. Rfe6+ Kf7 73. Rf6+ Ke7 74. Rfe6+ 1/2-1/2

[Event "Bugojno"]
[Site "?"]
[Date "1999.??.??"]
[Round "?"]
[White "Giorgadze, G."]
[Black "Short, N."]
[Result "1/2-1/2"]
[WhiteElo "2600"]
[BlackElo "2675"]
[PlyCount "35"]
[EventDate "1999.??.??"]
[Source "Chess Informant"]
[SourceDate "1999.10.01"]

1. d4 e6 2. c4 Nf6 3. Nc3 Bb4 4. Qc2 d5 5. cxd5 Qxd5 6. e3 c5 7. Bd2 Bxc3 8. Bxc3 cxd4 9. Bxd4 Nc6 10. Bc3 O-O 11. Nf3 Qc5 12. Rc1 Nd5 13. Bd2 Qxc2 14. Rxc2 Rd8 15. a3 Bd7 16. Bd3 Be8 17. Ke2 f6 18. h3 1/2-1/2

[Event "Amsterdam"]
[Site "?"]
[Date "1989.??.??"]
[Round "?"]
[White "Beliavsky, A."]
[Black "Kortchnoi, V."]
[Result "1/2-1/2"]
[WhiteElo "2620"]
[BlackElo "2655"]
[PlyCount "32"]
[EventDate "1989.??.??"]
[Source "ChessBase"]
[SourceDate "1989.07.01"]

1. d4 Nf6 2. c4 e6 3. Nc3 Bb4 4. Qc2 d5 5. Bg5 dxc4 6. e3 c5 7. dxc5 Nbd7 8. c6 bxc6 9. Bxc4 Qa5 10. Bxf6 Nxf6 11. Nge2 O-O 12. O-O Be7 13. Rac1 Bb7 14. Nd4 Rab8 15. Be2 Ba8 16. b3 Ba3 1/2-1/2

[Event "World Cup"]
[Site "Khanty-Mansiysk RUS"]
[Date "2007.12.01"]
[Round "3.2"]
[White "Sasikiran, K."]
[Black "Macieja, B."]
[Result "1/2-1/2"]
[WhiteElo "2661"]
[BlackElo "2606"]
[PlyCount "265"]
[EventDate "2007.11.24"]
[Source "www.chesslib.no"]
[SourceDate "2004.05.04"]

1. d4 Nf6 2. c4 e6 3. Nc3 Bb4 4. Qc2 d5 5. cxd5 Qxd5 6. Nf3 Qf5 7. Qxf5 exf5 8. a3 Bd6 9. g3 Be6 10. Bf4 Nd5 11. e3 Nxf4 12. gxf4 c6 13. O-O-O Nd7 14. d5 cxd5 15. Nxd5 Rc8+ 16. Kb1 Rc5 17. Nc3 Ke7 18. Nd4 Nf6 19. Bg2 Bd7 20. Rc1 Rb8 21. Rc2 a6 22. Rd1 Rcc8 23. Nb3 b5 24. Rcd2 b4 25. axb4 Bxb4 26. Rxd7+ Nxd7 27. Nd5+ Ke8 28. Bf1 a5 29. Nd4 Bc5 30. Ba6 Bxd4 31. Bxc8 Bxb2 32. Bxd7+ Kxd7 33. Ka2 a4 34. Nb4+ Ke6 35. Na6 Rc8 36. Kxb2 Rc4 37. Rd2 f6 38. Ka3 g5 39. fxg5 fxg5 40. Nb4 Rh4 41. f3 f4 42. exf4 Rxf4 43. Rf2 g4 44. Re2+ Kf5 45. fxg4+ Kxg4 46. Nd3 Rd4 47. Re3 Kh4 48. Ne1 Kh5 49. Ng2 Rg4 50. Rh3+ Kg6 51. Ne3 Rd4 52. Rg3+ Kh5 53. Rf3 Rh4 54. Nf1 Kg4 55. Rg3+ Kf4 56. Rc3 Kg5 57. Rc5+ Kg4 58. Kxa4 Kh3+ 59. Kb3 Rf4 60. Nd2 Kxh2 61. Kc3 Kg3 62. Kd3 Kg4 63. Ke3 Rf5 64. Rc4+ Kg5 65. Ne4+ Kg6 66. Rc6+ Kg7 67. Ng3 Ra5 68. Kf4 Kf7 69. Nf5 Ra1 70. Nd6+ Ke7 71. Ne4 Rh1 72. Ra6 Rh4+ 73. Kf5 Rh5+ 74. Kg4 Rh1 75. Nf6 Rg1+ 76. Kf5 Rf1+ 77. Ke5 Re1+ 78. Ne4 Kf7 79. Rb6 h5 80. Kf5 Rf1+ 81. Kg5 Rg1+ 82. Kxh5 Ke7 83. Ng5 Rh1+ 84. Kg4 Rf1 85. Nf3 Ra1 86. Kf5 Rf1 87. Ke4 Ra1 88. Rh6 Kd7 89. Ne5+ Ke7 90. Nc4 Re1+ 91. Ne3 Kd7 92. Rh3 Ke6 93. Kf4 Kd6 94. Rh6+ Kc5 95. Ke4 Rg1 96. Rh5+ Kc6 97. Kd4 Ra1 98. Rh6+ Kd7 99. Nf5 Ra4+ 100. Ke5 Ra5+ 101. Ke4 Ra4+ 102. Nd4 Ra1 103. Rb6 Rh1 104. Ke5 Rh5+ 105. Nf5 Rh1 106. Kd5 Rd1+ 107. Nd4 Ke7 108. Re6+ Kf7 109. Re2 Kf6 110. Rf2+ Ke7 111. Rf4 Rd2 112. Rf1 Rd3 113. Ra1 Kf6 114. Ra6+ Ke7 115. Rb6 Rd1 116. Rh6 Rd3 117. Rh1 Kf6 118. Ke4 Ra3 119. Rh6+ Kf7 120. Rb6 R 1 121. Nf3 Ke7 122. Kf5 Rf1 123. Kf4 Ra1 124. Ke4 Rh1 125. Ke5 Rh5+ 126. Kf4 Rh1 127. Nd4 Rf1+ 128. Ke5 Re1+ 129. Kd5 Rd1 130. Rb3 Kf6 131. Rb2 Ke7 132. Re2+ Kd7 133. Rh2 1/2-1/2

[Event "NED-ch op 5'"]
[Site "?"]
[Date "2003.02.15"]
[Round "?"]
[White "Seirawan Yasser"]
[Black "Timman Jan Hein"]
[Result "1/2-1/2"]
[WhiteElo "2635"]
[BlackElo "2590"]
[PlyCount "69"]
[EventDate "2003.??.??"]
[Source "www.chesslib.no"]
[SourceDate "2004.05.04"]

1. d4 Nf6 2. c4 e6 3. Nc3 Bb4 4. Qc2 d5 5. cxd5 Qxd5 6. e3 c5 7. Bd2 Bxc3 8. Bxc3 cxd4 9. Bxd4 Nc6 10. Bc3 O-O 11. Nf3 e5 12. Be2 Re8 13. O-O Qc5 14. Rac1 Qb6 15. Ng5 h6 16. Ne4 Nxe4 17. Qxe4 Be6 18. b3 Rad8 19. Rfd1 Rxd1+ 20. Rxd1 Rd8 21. Rxd8+ Qxd8 22. f3 Qd6 23. Qd3 Qxd3 24. Bxd3 f6 25. g4 Kf7 26. Kf2 Ke7 27. h3 Kd6 28. f4 b6 29. Kf3 Bd5+ 30. Ke2 a5 31. Kd2 Nb4 32. Bb1 Be6 33. fxe5+ fxe5 34. Bxb4+ axb4 35. Be4 1/2-1/2

[Event "Camp. svizzero a sq. - Zurigo-Winterthu"]
[Site "Svizzera"]
[Date "2008.09.06"]
[Round "6.1"]
[White "Kortchnoj, Viktor"]
[Black "Jussupow, Artur"]
[Result "0-1"]
[WhiteElo "2624"]
[BlackElo "2598"]
[PlyCount "74"]
[EventDate "2008.03.02"]
[Source "www.chesslib.no"]
[SourceDate "2004.05.04"]

1. d4 Nf6 2. c4 e6 3. Nc3 Bb4 4. Qc2 d5 5. e3 c5 6. Nf3 Nc6 7. a3 Bxc3+ 8. bxc3 O-O 9. cxd5 exd5 10. dxc5 Qa5 11. Bd3 Bg4 12. a4 Bxf3 13. gxf3 Rfe8 14. O-O Ne5 15. Be2 Qxc5 16. Rb1 b6 17. Kh1 Rac8 18. Rg1 Ng6 19. Bb5 Re6 20. Qd1 Ne5 21. Bf1 Rec6 22. Ba6 R8c7 23. Rg5 Qe7 24. Bd2 Ne4 25. fxe4 Qxg5 26. f4 Qg6 27. f5 Qd6 28. Be1 dxe4 29. Bb5 Qxd1 30. Rxd1 Nd3 31. Bxc6 Rxc6 32. Kg2 Rc5 33. f6 Nxe1+ 34. Rxe1 gxf6 35. Rd1 Rxc3 36. Kf2 Ra3 37. Rd4 f5 0-1